| 000 | 00535nam a22001697a 4500 | ||
|---|---|---|---|
| 999 |
_c61815 _d61815 |
||
| 005 | 20240516163741.0 | ||
| 008 | 240516s2004 enk||||| |||| 00| 0 eng d | ||
| 020 | _a9780781736503x | ||
| 041 | _aeng | ||
| 080 | _a616.15 W-70 | ||
| 245 | _aWintrobe's Clinical Hematology : Volumes 1. | ||
| 264 |
_aPhiladelphia : _bLippincott Williams & Wilkins, _c 2004. |
||
| 300 |
_a1493 p; _b29 cm. |
||
| 653 | _aკლინიკური ჰემატოლოგია | ||
| 653 | _aმედიცინა | ||
| 942 |
_2udc _cᲬᲘᲒᲜᲘ |
||